|
|
|
|
| LEADER |
00000cam a2200000Mi 4500 |
| 001 |
JSTOR_on1203950287 |
| 003 |
OCoLC |
| 005 |
20231005004200.0 |
| 006 |
m o d |
| 007 |
cr ||||||||||| |
| 008 |
200717s2020 nyu fo 000 0 eng d |
| 010 |
|
|
|a 2020017482
|
| 040 |
|
|
|a UKAHL
|b eng
|e rda
|c UKAHL
|d N$T
|d OCLCO
|d OCLCF
|d JSTOR
|d OCLCO
|d OCLCQ
|
| 020 |
|
|
|a 1789207711
|
| 020 |
|
|
|a 9781789207712
|q (electronic bk.)
|
| 035 |
|
|
|a (OCoLC)1203950287
|
| 037 |
|
|
|a 22573/ctv21g66w4
|b JSTOR
|
| 050 |
|
4 |
|a DS135.A9
|
| 072 |
|
7 |
|a HIS
|x 060000
|2 bisacsh
|
| 072 |
|
7 |
|a HIS
|x 037060
|2 bisacsh
|
| 072 |
|
7 |
|a SOC
|x 049000
|2 bisacsh
|
| 082 |
0 |
4 |
|a 305.892/40438609034
|2 23
|
| 049 |
|
|
|a UAMI
|
| 100 |
1 |
|
|a Buchen, Tim,
|e author.
|
| 245 |
1 |
0 |
|a Antisemitism in Galicia
|b agitation, politics, and violence against Jews in the late Habsburg monarchy /
|c Tim Buchen ; translated from the German by Charlotte Hughes-Kreutzmuller.
|
| 264 |
|
1 |
|a New York :
|b Berghahn Books,
|c 2020.
|
| 300 |
|
|
|a 1 online resource
|
| 590 |
|
|
|a JSTOR
|b Books at JSTOR Demand Driven Acquisitions (DDA)
|
| 590 |
|
|
|a JSTOR
|b Books at JSTOR All Purchased
|
| 590 |
|
|
|a JSTOR
|b Books at JSTOR Evidence Based Acquisitions
|
| 650 |
|
0 |
|a Antisemitism
|z Austria
|x History
|y 19th century.
|
| 650 |
|
0 |
|a Jews
|z Austria
|x History
|y 19th century.
|
| 651 |
|
0 |
|a Galicia (Poland and Ukraine)
|x Politics and government
|y 19th century.
|
| 650 |
|
6 |
|a Antisémitisme
|z Autriche
|x Histoire
|y 19e siècle.
|
| 650 |
|
6 |
|a Juifs
|z Autriche
|x Histoire
|y 19e siècle.
|
| 650 |
|
7 |
|a Antisemitism.
|2 fast
|0 (OCoLC)fst00810769
|
| 650 |
|
7 |
|a Jews.
|2 fast
|0 (OCoLC)fst00983135
|
| 650 |
|
7 |
|a Politics and government.
|2 fast
|0 (OCoLC)fst01919741
|
| 651 |
|
7 |
|a Austria.
|2 fast
|0 (OCoLC)fst01204901
|
| 651 |
|
7 |
|a Europe
|z Galicia.
|2 fast
|0 (OCoLC)fst01310066
|
| 648 |
|
7 |
|a 1800-1899
|2 fast
|
| 655 |
|
7 |
|a History.
|2 fast
|0 (OCoLC)fst01411628
|
| 700 |
1 |
|
|a Hughes-Kreutzmuller, Charlotte,
|e translator.
|
| 856 |
4 |
0 |
|u https://jstor.uam.elogim.com/stable/10.2307/j.ctv21hrfp0
|z Texto completo
|
| 938 |
|
|
|a Askews and Holts Library Services
|b ASKH
|n AH37174979
|
| 938 |
|
|
|a EBSCOhost
|b EBSC
|n 2354614
|
| 994 |
|
|
|a 92
|b IZTAP
|